000 01306nam a22003251i 4500
001 bslw10065362
005 20240305165653.0
006 m o d
007 cr un ---uuuua
008 230705s2022 ck ob 000 0 spa d
020 _a9789587916430
035 _a38611
040 _aUtOrBLW
_beng
_erda
_cUtOrBLW
043 _as-ec---
050 4 _aKHK2561
_b.H47 2022
082 0 4 _a347.866012
_223
100 1 _aHernández Terán, Miguel,
_eauthor.
245 1 0 _aError judicial y error inexcusable :
_banálisis, doctrina, jurisprudencia, actualidad /
_cMiguel Hernández Terán (Profesor de Derecho Constitucional y Derecho Administrativo, Director de las Maestrías en Derecho Constitucional y en Derecho con mención en Derecho Procesal, Universidad Católica de Santiago de Guayaquil).
264 1 _aBogotá, Colombia :
_bGrupo Editorial Ibáñez,
_c[2022]
300 _a1 online resource (151 pages)
336 _atext
_btxt
_2rdacontent
337 _acomputer
_bc
_2rdamedia
338 _aonline resource
_bcr
_2rdacarrier
504 _aIncludes bibliographical references.
650 0 _aJudicial error
_zEcuador.
650 0 _aJustice, Administration of
_zEcuador.
650 0 _aConstitutional law
_zEcuador.
856 4 0 _uhttps://app.vlex.com/#/sources/38611
942 _cRAA
999 _c172917
_d172917